<?xml version="1.0" encoding="UTF-8"?>
<collection xmlns="http://www.loc.gov/MARC21/slim">
 <record>
  <leader>03408nam a2200421 a 4500</leader>
  <controlfield tag="001">TVCDKTCT5129</controlfield>
  <controlfield tag="003">Thư viện trường Cao đẳng Kỹ thuật Cao Thắng</controlfield>
  <controlfield tag="005">20170602092654.3</controlfield>
  <controlfield tag="008">060428</controlfield>
  <datafield tag="980" ind1="\" ind2="\">
   <subfield code="a">Thư viện Trường CĐ Kỹ Thuật Cao Thắng</subfield>
  </datafield>
  <datafield tag="024" ind1=" " ind2=" ">
   <subfield code="a">RG_1 #1 eb0 i1 i5</subfield>
  </datafield>
  <datafield tag="041" ind1="0" ind2="#">
   <subfield code="a">vie</subfield>
  </datafield>
  <datafield tag="082" ind1="#" ind2="#">
   <subfield code="a">621.319 / </subfield>
   <subfield code="b">L250D-b</subfield>
  </datafield>
  <datafield tag="100" ind1="1" ind2="#">
   <subfield code="a">Phạm Văn Chới</subfield>
  </datafield>
  <datafield tag="245" ind1="0" ind2="0">
   <subfield code="a">Bảo dưỡng và thử nghiệm thiết bị trong hệ thống điện / </subfield>
   <subfield code="c">Phạm Văn Chới, ...[et al.]</subfield>
  </datafield>
  <datafield tag="250" ind1="#" ind2="#">
   <subfield code="a">Tái bản lần thứ 3</subfield>
  </datafield>
  <datafield tag="260" ind1="#" ind2="#">
   <subfield code="a">H. : </subfield>
   <subfield code="b">Khoa học và Kỹ thuật , </subfield>
   <subfield code="c">2006</subfield>
  </datafield>
  <datafield tag="300" ind1="#" ind2="#">
   <subfield code="a">354tr. ; </subfield>
   <subfield code="c">24cm</subfield>
  </datafield>
  <datafield tag="520" ind1="#" ind2="#">
   <subfield code="a">Chương 1: Trình bày đại cương về bảo dưỡng và thữ nghiệm thiết bị điện</subfield>
  </datafield>
  <datafield tag="520" ind1="#" ind2="#">
   <subfield code="a">Chương 10: Trình bày hệ thống nối đất và đo điện trở nối đất</subfield>
  </datafield>
  <datafield tag="520" ind1="#" ind2="#">
   <subfield code="a">Chương 11: Trình bày những vấn đề an toàn trong công tác bảo dưỡng và thử nghiệm thiết bị điện</subfield>
  </datafield>
  <datafield tag="520" ind1="#" ind2="#">
   <subfield code="a">Chương 2: Trình bày những vấn đề thử nghiệm thiết bị điện bằng điện áp một chiều</subfield>
  </datafield>
  <datafield tag="520" ind1="#" ind2="#">
   <subfield code="a">Chương 3: Trình bày những vấn đề thử nghiệm thiết bị điện bằng điện áp xoay chiều</subfield>
  </datafield>
  <datafield tag="520" ind1="#" ind2="#">
   <subfield code="a">Chương 4: Trình bày các đặc tính của dầu, chất lỏng và chất khí cách điện</subfield>
  </datafield>
  <datafield tag="520" ind1="#" ind2="#">
   <subfield code="a">Chương 5: Trình bày vấn đề bảo dưỡng và thử nghiệm máy biến áp</subfield>
  </datafield>
  <datafield tag="520" ind1="#" ind2="#">
   <subfield code="a">Chương 6: Trình bày công tác bảo dưỡng và thử nghiệm cáp và các phụ kiện</subfield>
  </datafield>
  <datafield tag="520" ind1="#" ind2="#">
   <subfield code="a">Chương 7: Trình bày vấn đề bảo dưỡng và thử nghiệm máy cắt cao áp, trung áp và rơ le bảo vệ</subfield>
  </datafield>
  <datafield tag="520" ind1="#" ind2="#">
   <subfield code="a">Chương 8: Trình bày công tác bảo dưỡng và thử nghiệm thiết bị đóng cắt hạ áp</subfield>
  </datafield>
  <datafield tag="520" ind1="#" ind2="#">
   <subfield code="a">Chương 9: Trình bày công tác bảo dưỡng và thử nghiệm động cơ và máy phát điện</subfield>
  </datafield>
  <datafield tag="520" ind1="#" ind2="#">
   <subfield code="a">Quyển sách trang bị cho bạn đọc những kiến thức cơ sở và thực tiễn của công tác bảo dưỡng và thử nghiệm thiết bị điện. Quyển sách này có ích cho các kỹ sư, cán bộ kỹ thuật ngành điện trong công tác hằng ngày, là tài liệu tham khảo cho sinh viên ngành điện của các trương đại học và trung học chuyên nghiệp. Tài liệu được biên soạn và giới thiệu theo quan điểm bảo dưỡng và thử nghiệm nhằm nâng cao độ tin cậy của hệ thống điện. Nội dung bao gồm các vấn đề sau :</subfield>
  </datafield>
  <datafield tag="650" ind1="#" ind2="4">
   <subfield code="a">Điện</subfield>
  </datafield>
  <datafield tag="650" ind1="#" ind2="4">
   <subfield code="a">Điện--Bảo dưỡng--Thử nghiệm</subfield>
  </datafield>
  <datafield tag="700" ind1="0" ind2="#">
   <subfield code="a">Lê Văn Doanh, </subfield>
   <subfield code="e">Tác giả</subfield>
  </datafield>
  <datafield tag="700" ind1="0" ind2="#">
   <subfield code="a">Nguyễn Đình Thiên</subfield>
  </datafield>
  <datafield tag="700" ind1="0" ind2="#">
   <subfield code="a">Nguyễn Thế Công</subfield>
  </datafield>
  <datafield tag="721" ind1="#" ind2="#">
   <subfield code="a">CNKT Điện</subfield>
  </datafield>
  <datafield tag="841" ind1="#" ind2="#">
   <subfield code="b">Kho Sách </subfield>
   <subfield code="j">100016345, 100016346, 100016347, 100016348, 100016349, 100016350</subfield>
  </datafield>
  <datafield tag="841" ind1="#" ind2="#">
   <subfield code="b">Kho Tra Cứu </subfield>
   <subfield code="j">500001473, 500001474, 500001475, 500001476</subfield>
  </datafield>
 </record>
</collection>
